Normal view
MARC view
- كيرى ، باتريك ،زاريت ، أوسكار/ إمام ، عبد الفتاح إمام ، ترجمة
Entry Personal Name
001 - CONTROL NUMBER
- control field: 40191
003 - CONTROL NUMBER IDENTIFIER
- control field: JO-AjAnu
005 - DATE AND TIME OF LATEST TRANSACTION
- control field: 20230606080658.0
008 - FIXED-LENGTH DATA ELEMENTS
- fixed length control field: 230606|| aca||aabn | a|a d
040 ## - CATALOGING SOURCE
- Original cataloging agency: JO-AjAnu
- Transcribing agency: JO-AjAnu
100 ## - HEADING--PERSONAL NAME
- Personal name: كيرى ، باتريك ،زاريت ، أوسكار/ إمام ، عبد الفتاح إمام ، ترجمة
670 ## - SOURCE DATA FOUND
- Source citation: Work cat.: (JO-AjAnu)20603: كيرى ، باتريك ،زاريت ، أوسكار/ إمام ، عبد الفتاح إمام ، ترجمة , author, اقدم لك .. ماكياقللي ..